Los complutenses (Record no. 64223)

MARC details
000 -LEADER
campo de control de longitud fija 00852nam a2200193 i 4500
001 - NÚMERO DE CONTROL
campo de control 64223
003 - IDENTIFICADOR DE NÚMERO DE CONTROL
campo de control ES-MaACL
005 - FECHA Y HORA DE LA ÚLTIMA TRANSACCIÓN
campo de control 20251123063304.0
007 - CAMPO FIJO DE DESCRIPCIÓN FÍSICA--INFORMACIÓN GENERAL
campo de control de longitud fija t|
008 - DATOS DE LONGITUD FIJA--INFORMACIÓN GENERAL
campo de control de longitud fija 031222s1962 sp ||||1| spa d
100 0# - ENTRADA PRINCIPAL--NOMBRE DE PERSONA
Nombre de persona Florencio del Niño Jesús,
Títulos y otros términos asociados al nombre (O.C.D.)
9 (RLIN) 51243
245 14 - MENCIÓN DEL TÍTULO
Título Los complutenses
Resto del título : su vida y su obra (Proceso histórico en torno a un problema obscuro de la Cosmología. La divisibilidad e indivisibilidad de la sustancia material antecedente a la Cantidad)(Tesis doctoral...) /
Mención de responsabilidad, etc. Florencio del Niño Jesús.
260 ## - PUBLICACIÓN, DISTRIBUCIÓN, ETC.
Lugar de publicación, distribución, etc. Madrid :
Nombre del editor, distribuidor, etc. Espiritualidad,
Fecha de publicación, distribución, etc. [1962] (
Fabricante Menor)
300 ## - DESCRIPCIÓN FÍSICA
Extensión 240 p., 1 h. ;
Dimensiones 21 cm.
500 ## - NOTA GENERAL
Nota general Pontificia Universidad de Salamanca. Facultad de Filosofía.
710 2# - ENTRADA AGREGADA--NOMBRE DE ENTIDAD CORPORATIVA
Nombre de entidad corporativa o nombre de jurisdicción como elemento de entrada Universidad de Salamanca.
Unidad subordinada Facultad de Filosofía.
9 (RLIN) 7284
852 ## - LOCALIZACIÓN
Ubicación ES-MaACL
Número de control de estantería C-23491
Sublocalización o colección R.50942
Holdings
Estatus retirado Estado de pérdida Estado de daño No para préstamo Biblioteca de origen Biblioteca actual Ubicación en estantería Fecha de adquisición Fuente de adquisición Total de préstamos Signatura topográfica completa Código de barras Visto por última vez Precio de reemplazo Tipo de ítem Koha
        Biblioteca del Ateneo de Madrid Biblioteca del Ateneo de Madrid Depósito 2 17/01/2008     C-23491 1067301 23/02/2023 23/02/2023 Libro impreso